[Event "94th FRA-ch 2019"]
[Site "Chartres"]
[Date "2019.08.19"]
[Round "3.2"]
[White "Cornette, Matthieu"]
[Black "Gharamian, Tigran"]
[Result "1/2-1/2"]
[WhiteElo "2555"]
[BlackElo "2586"]
[Annotator "ChessBase"]
[PlyCount "89"]
[EventDate "2019.08.17"]
[EventType "tourn"]
[EventCountry "FRA"]
[SourceTitle "playchess.com"]
[Source "ChessBase"]
[SourceQuality "1"]
[TimeControl "40/5400+30:1800+30"]

1. e4 {[%emt 0:00:00]} c5 {[%emt 0:00:00]} 2. Nf3 {[%emt 0:00:22]} d6 {[%emt 0:00:00]} 3. d4 {[%emt 0:00:19]} cxd4 {[%emt 0:00:01]} 4. Nxd4 {[%emt 0:00:03]} Nf6 {[%emt 0:00:06]} 5. Nc3 {[%emt 0:00:03]} a6 {[%emt 0:00:06]} 6. Bg5 {[%emt 0:02:02]} e6 {[%emt 0:00:47]} 7. f4 {[%emt 0:02:25]} Qc7 {[%emt 0:00:28]} 8. Qe2 {[%emt 0:00:43]} Nc6 {[%emt 0:04:56]} 9. Bxf6 {[%emt 0:15:10]} gxf6 {[%emt 0:00:29]} 10. O-O-O {[%emt 0:04:03]} Nxd4 {[%emt 0:24:29]} 11. Rxd4 {[%emt 0:00:08]} Bd7 {[%emt 0:00:35]} 12. Kb1 {[%emt 0:18:47]} Qc5 {[%emt 0:11:01]} 13. Qd2 {[%emt 0:01:06]} Rg8 {[%emt 0:18:00]} 14. Nd1 {[%emt 0:09:58]} Bc6 {[%emt 0:18:12]} 15. Ne3 {[%emt 0:02:33]} Bg7 {[%emt 0:07:21]} 16. b4 {[%emt 0:07:22]} Qa7 {[%emt 0:00:48]} 17. Rxd6 {[%emt 0:05:02]} Ke7 {[%emt 0:02:57]} 18. Bc4 {[%emt 0:03:21]} Rgd8 {[%emt 0:03:33]} 19. Rd1 {[%emt 0:01:12]} Rxd6 {[%emt 0:02:01]} 20. Qxd6+ {[%emt 0:00:18]} Ke8 {[%emt 0:00:02]} 21. f5 {[%emt 0:12:36]} Bf8 {[%emt 0:00:23]} 22. Qg3 {[%emt 0:02:59]} b5 {[%emt 0:00:15]} 23. Bb3 {[%emt 0:00:40]} Qe7 {[%emt 0:00:57]} 24. fxe6 {[%emt 0:06:53]} fxe6 {[%emt 0:00:05]} 25. Qg4 {[%emt 0:01:03]} Bd7 {[%emt 0:00:25]} 26. a3 {[%emt 0:00:06]} Ra7 {[%emt 0:01:13]} 27. Qf4 {[%emt 0:01:43]} Bc8 {[%emt 0:00:39]} 28. Ng4 {[%emt 0:01:28]} Bg7 {[%emt 0:00:53]} 29. e5 {[%emt 0:00:19]} fxe5 {[%emt 0:01:25]} 30. Nxe5 {[%emt 0:00:51]} Qf6 {[%emt 0:00:40]} 31. Qxf6 {[%emt 0:00:24]} Bxf6 {[%emt 0:00:05]} 32. Re1 {[%emt 0:00:14]} Rg7 {[%emt 0:02:00]} 33. g3 {[%emt 0:00:28]} Ke7 {[%emt 0:00:07]} 34. Nd3 {[%emt 0:00:23]} Bg5 {[%emt 0:01:16]} 35. Re4 {[%emt 0:01:25]} Rf7 {[%emt 0:00:19]} 36. h4 {[%emt 0:00:56]} Rf1+ {[%emt 0:00:22]} 37. Re1 {[%emt 0:00:22]} Rxe1+ {[%emt 0:00:05]} 38. Nxe1 {[%emt 0:00:03]} Be3 {[%emt 0:00:19]} 39. Nd3 {[%emt 0:00:20]} Kd6 {[%emt 0:00:12]} 40. c4 {[%emt 0:00:18]} bxc4 {[%emt 0:00:33]} 41. Bxc4 {[%emt 0:30:09]} e5 {[%emt 0:30:51]} 42. Kc2 {[%emt 0:00:00]} e4 {[%emt 0:00:00]} 43. Nf4 {[%emt 0:00:00]} Ke5 {[%emt 0:00:00]} 44. Ne2 {[%emt 0:00:00]} Bb6 {[%emt 0:00:00]} 45. Kd2 {[%emt 0:00:00]} 1/2-1/2

[Event "94th FRA-ch 2019"]
[Site "Chartres"]
[Date "2019.08.19"]
[Round "3.3"]
[White "Feller, Sebastien"]
[Black "Fressinet, Laurent"]
[Result "1/2-1/2"]
[WhiteElo "2577"]
[BlackElo "2625"]
[Annotator "TA"]
[PlyCount "68"]
[EventDate "2019.08.17"]
[EventType "tourn"]
[EventCountry "FRA"]
[SourceTitle "playchess.com"]
[Source "ChessBase"]
[SourceQuality "1"]

{[%evp 25,68,20,24,21,12,10,20,0,0,0,0,0,0,0,0,0,0,0,0,0,6,0,20,25,29,11,10,7,62,0,0,0,0,0,0,0,0,0,0,0,0,0,0,0,0]} 1. d4 Nf6 2. c4 e6 3. Nf3 d5 4. Nc3 Bb4 5. Bg5 h6 6. Bxf6 Qxf6 7. e3 O-O 8. Qb3 c5 9. cxd5 exd5 10. dxc5 Bxc3+ 11. Qxc3 Qxc3+ 12. bxc3 Nd7 13. Rd1 Nxc5 14. Rxd5 {D38: Queen's Gambit Declined: Ragozin Defence (4 Nf3 Bb4)} b6 15. Rd4 Bb7 (15... Ne6 16. Rd6 Bb7 17. Nd4 Nxd4 18. Rxd4 Rac8 19. Kd2 Rc5 20. Rg1 Rfc8 21. Bd3 Kf8 {1-0 (60) Li,C (2735)-Harikrishna,P (2737) Geneva 2017}) 16. Bc4 Rac8 17. O-O {[#]} Ne6 $146 ({Predecessor:} 17... Rfe8 18. Nd2 Re7 19. Rc1 Rec7 20. h4 Kf8 21. f3 a6 {1-0 (62) L'Ami,E (2606)-Cornette,M (2577) Novi Sad 2009}) 18. Bxe6 fxe6 19. Ne5 Rf5 20. f4 {Black must now prevent c4.} Rxc3 21. e4 Rc2 22. Rf3 Rf8 23. h4 Rc7 ({Much worse is} 23... Rxa2 $6 24. Rg3 $16) 24. h5 Kh7 25. Ng6 Rfc8 26. Rfd3 b5 ({Better is} 26... Rc5 $11) 27. a4 ({White should play} 27. Kf2 $1 $14) 27... a6 {The position is equal.} 28. axb5 axb5 29. Kf2 Rc4 30. Ke3 Rxd4 31. Rxd4 Rc3+ $1 32. Kd2 Rc4 33. Rd8 {[%csl Gg6][%cal Rd8h8] [#]} Rc8 34. Rd4 Rc4 {Accuracy: White = 72%, Black = 77%.} 1/2-1/2

[Event "94th FRA-ch 2019"]
[Site "Chartres"]
[Date "2019.08.19"]
[Round "3.4"]
[White "Maze, Sebastien"]
[Black "Edouard, Romain"]
[Result "0-1"]
[WhiteElo "2554"]
[BlackElo "2650"]
[Annotator "TA"]
[PlyCount "52"]
[EventDate "2019.08.17"]
[EventType "tourn"]
[EventCountry "FRA"]
[SourceTitle "playchess.com"]
[Source "ChessBase"]
[SourceQuality "1"]

{[%evp 12,52,30,22,25,-35,-33,-34,-34,-22,-37,-32,-22,-38,-37,-32,-27,-28,-18,-18,-22,-43,-55,-104,-95,-312,-7,-391,-394,-399,-402,-416,-416,-420,-385,-431,-322,-425,-420,-483,-475,-500,-408]} 1. e4 e6 2. d4 d5 3. Nc3 Nf6 4. Bg5 dxe4 5. Nxe4 Be7 6. Bxf6 gxf6 7. Qd2 a6 {C13: French: Classical System: 4 Bg5 Be7, Alekhine-Chatard Attack} 8. g4 $146 (8. O-O-O $11) ({Predecessor:} 8. O-O-O b5 9. Qe3 Bb7 10. c4 bxc4 11. Bxc4 f5 12. Nc3 Qd6 13. d5 e5 14. Nf3 Nd7 15. Rhe1 {1-0 (49) Artemiev,V (2709)-Vaibhav,S (2590) Caleta 2019}) 8... h5 9. gxh5 Bd7 {Black is slightly better.} 10. Bg2 Bc6 {[#] ...f5 is the strong threat.} 11. Bf3 Bd5 12. a3 Nd7 13. Nc3 c6 14. Nxd5 cxd5 15. Ne2 f5 16. c4 dxc4 17. Bxb7 {[#]} Rb8 $1 {[%cal Rb8b7]} 18. Bxa6 $2 (18. Bc6 $17) 18... Qc7 $2 ({Black should play} 18... Qb6 $19 19. Bxc4 Qc6 {[%mdl 64] Double Attack}) 19. Rg1 $2 {[%mdl 8192]} (19. Qc3 $1 $11 {and White stays safe.}) 19... Qc6 $19 20. Bxc4 Qxc4 21. Rc1 Qb3 22. Rc2 Nf6 23. Qc1 Bd8 24. Rg3 Qb7 25. d5 Qxd5 26. Qf4 Qh1+ {Accuracy: White = 16%, Black = 67%.} 0-1

[Event "94th FRA-ch 2019"]
[Site "Chartres"]
[Date "2019.08.19"]
[Round "3.5"]
[White "Favarel, Julien"]
[Black "Gozzoli, Yannick"]
[Result "1/2-1/2"]
[WhiteElo "2333"]
[BlackElo "2614"]
[Annotator "TA"]
[PlyCount "160"]
[EventDate "2019.08.17"]
[EventType "tourn"]
[EventCountry "FRA"]
[SourceTitle "playchess.com"]
[Source "ChessBase"]
[SourceQuality "1"]

{[%evp 14,160,36,30,37,36,35,25,31,34,44,44,24,30,39,39,37,31,58,7,27,34,43,23,45,38,27,12,14,19,21,7,20,0,0,0,0,-17,0,0,0,-14,0,-46,-40,-48,-35,-39,-45,-44,-56,-79,-81,-88,-34,-41,-30,-34,0,0,10,-42,-42,-112,-93,-108,-53,-56,-45,-58,-55,-54,-53,-64,-22,-80,-76,-82,-87,-93,-88,-102,-45,-64,-40,-66,-68,-64,-29,-35,-21,-45,-31,-143,-122,-91,-83,-83,-77,-80,0,0,-8,-43,0,-382,-382,-382,-382,-382,-382,-382,0,0,0,-382,0,0,0,0,0,0,0,0,0,0,0,0,0,0,0,0,0,0,0,0,0,0,0,0,0,0,0,0,0,0,0,0,0]} 1. e4 c6 2. d4 d5 3. exd5 cxd5 4. Nf3 Nc6 5. c3 Nf6 6. Bf4 g6 7. Bd3 Bg7 8. Nbd2 Nh5 {B13: Caro-Kann: Exchange Variation and Panov-Botvinnik Attack} 9. Be3 Qc7 (9... Qd6 10. O-O O-O 11. Re1 Nf4 12. Bf1 h6 13. Nb3 g5 14. Nc5 b6 15. Nd3 Ng6 16. g3 f5 17. Nfe5 Ncxe5 18. Nxe5 Nxe5 19. dxe5 Bxe5 {½-½ (47) Esipenko,A (2593)-Sakaev,K (2584) St Petersburg 2018}) 10. O-O O-O {White has an edge.} 11. Re1 Re8 12. Nb3 b6 $146 ({Predecessor:} 12... Nf4 13. Bb5 Ne6 14. Qd2 Bd7 15. Bf1 Rab8 16. h4 b5 17. h5 a5 18. Ng5 {1-0 (57) Semenov,V (2229)-Eliseev,N (1960) ICCF email 2015}) 13. Qd2 Bg4 14. Be2 Rad8 15. h3 Bc8 16. Nc1 (16. a4 $14) 16... Bb7 17. Nd3 Nf6 18. Bf4 Qc8 19. Bh6 Ne4 20. Qf4 f6 {With the idea ...g5.} 21. Bxg7 Kxg7 22. Rad1 e6 23. Nd2 e5 $36 {[%mdl 2048] Black is more active.} 24. dxe5 fxe5 25. Qh4 Nf6 26. Bg4 Qb8 27. Nf1 Ba6 28. a3 e4 29. Nb4 Nxb4 30. axb4 Bxf1 31. Rxf1 Qf4 {Strongly threatening ...h5.} 32. Qg3 Qxg3 33. fxg3 d4 (33... Nxg4 $17 34. hxg4 Re5) 34. Rxd4 $15 Rxd4 35. cxd4 {[%mdl 4096] Endgame KRB-KRN} Rd8 36. Rd1 Nd5 37. Be6 (37. Kf2 $11) 37... Nxb4 38. d5 (38. Kf2 $15) 38... Kf6 $1 $17 39. Rd4 a5 (39... Nd3 $1 $17 {Hoping for ...Ke5.} 40. Rxe4 Nxb2) 40. Rxe4 $15 Nxd5 41. Bg4 Rd6 42. Bf3 Nb4 43. Be2 Rd2 44. b3 (44. Bc4 $11 {keeps the balance.}) 44... Nc6 $17 45. g4 Nd4 46. Bc4 b5 $1 {[%cal Rb5c4]} 47. Bg8 Kg7 (47... Rd3 $17 48. Bxh7 Nxb3) 48. Re8 $15 g5 49. Ra8 h6 50. Kf1 Ra2 51. Bd5 Kf6 52. Re8 Rb2 53. Ra8 ({White should try} 53. Ke1 $15) 53... Ke5 $17 ({Reject} 53... Nxb3 $6 54. Bxb3 Rxb3 55. Rxa5 $11) 54. Bg8 Nxb3 55. Bxb3 Rxb3 56. Rxa5 {[#] KR-KR} Rb2 ({Black should play} 56... Kd4 $1 $17 57. Ra6 b4 58. Rxh6 Rb2 59. Rd6+ Kc4 60. Rc6+ Kb5) 57. Ra6 $11 b4 58. Rxh6 b3 59. Kg1 $2 {[%mdl 8192]} (59. Rb6 $11 {and White stays safe.}) 59... Rd2 $19 60. Rb6 b2 {aiming for ...Rd1+.} 61. Kh2 {[#]} Kd4 $1 62. h4 Kc3 $2 (62... gxh4 $19 {...Kc3 is the strong threat.} 63. g5 Kc3 64. Rc6+ Kd3) 63. Rc6+ Kd3 64. Rb6 $2 {[%mdl 8192]} (64. Rd6+ $1 $11 {and White is okay.} Kc3 65. Rc6+ Kd3 66. Rb6) 64... Kc2 $2 (64... gxh4 $19 65. g5 Kc3 66. Rc6+ Kd3) 65. Rc6+ $11 {The position is equal.} Kd1 66. Rb6 Kc2 {White must now prevent ...Rd3.} 67. Rc6+ Kd1 68. Rb6 gxh4 {Threatens to win with ...Kc1.} 69. Kh3 Kc2 {And now ...Rd3+ would win.} 70. Kxh4 b1=Q 71. Rxb1 Kxb1 {KR-KPP} 72. Kg5 $1 Kc2 73. Kf6 Rf2+ (73... Kd3 $5 74. g5 $8 Rxg2 $11) 74. Ke6 Rxg2 {KR-KP} 75. Kf5 Kd3 76. g5 Kd4 77. g6 Kd5 {( -> ...Rf2+)} 78. Kf6 Rf2+ 79. Ke7 $1 Rg2 80. Kf7 {[#]} Rxg6 $1 {[%mdl 512] Accuracy: White = 54%, Black = 55%.} 1/2-1/2

[Event "94th FRA-ch 2019"]
[Site "Chartres"]
[Date "2019.08.20"]
[Round "4.1"]
[White "Gozzoli, Yannick"]
[Black "Fressinet, Laurent"]
[Result "1/2-1/2"]
[WhiteElo "2614"]
[BlackElo "2625"]
[Annotator "TA"]
[PlyCount "69"]
[EventDate "2019.08.17"]
[EventType "tourn"]
[EventCountry "FRA"]
[SourceTitle "playchess.com"]
[Source "ChessBase"]
[SourceQuality "1"]

{[%evp 40,56,0,0,0,0,0,0,0,0,0,0,0,0,0,0,0,0,0]} 1. d4 Nf6 2. c4 e6 3. Nf3 d5 4. Nc3 Be7 5. Bg5 h6 6. Bxf6 Bxf6 7. e3 O-O 8. Rc1 c6 9. Bd3 Nd7 10. O-O dxc4 11. Bxc4 e5 12. h3 exd4 13. exd4 Nb6 14. Bb3 Re8 15. Re1 Bf5 16. Rxe8+ Qxe8 17. Qd2 Qd7 18. Re1 a5 19. a3 Re8 20. Rxe8+ Qxe8 21. Qf4 {The position is equal.} Be6 {D55: Queen's Gambit Declined: 4 Bg5 Be7: Lines without ...h6 and 6...h6 7 Bxf6} 22. Bxe6 Qxe6 23. Qc7 Nc4 $1 24. Qxb7 Bxd4 25. Nxd4 Qe1+ 26. Kh2 Qe5+ 27. Kg1 Qe1+ 28. Kh2 Qe5+ {[#]} {Predecessor:} 29. g3 $146 Qxd4 30. Qc8+ Kh7 31. Qf5+ Kg8 32. Kg2 Nxb2 33. Qc8+ Kh7 34. Qf5+ Kg8 35. Qc8+ {½-½ (35) Erdos,V (2619)-Lupulescu,C (2617) Rio Achaea 2018} 1/2-1/2

[Event "94th FRA-ch 2019"]
[Site "Chartres"]
[Date "2019.08.20"]
[Round "4.2"]
[White "Gharamian, Tigran"]
[Black "Lagarde, Maxime"]
[Result "1/2-1/2"]
[WhiteElo "2586"]
[BlackElo "2626"]
[Annotator "TA"]
[PlyCount "80"]
[EventDate "2019.08.17"]
[EventType "tourn"]
[EventCountry "FRA"]
[SourceTitle "playchess.com"]
[Source "ChessBase"]
[SourceQuality "1"]

{[%evp 24,80,32,26,37,17,29,10,4,8,35,0,0,0,17,0,4,0,0,-24,-21,-24,-18,-27,-16,-16,-23,-19,-15,-18,-13,-18,-12,-21,0,0,0,-9,0,0,0,0,0,0,0,0,0,-5,-6,-12,0,0,0,0,0,0,0,-8,0]} 1. e4 e6 2. d4 d5 3. Nd2 c5 4. Ngf3 cxd4 5. exd5 Qxd5 6. Bc4 Qd6 7. O-O Nf6 8. Nb3 Nc6 9. Nbxd4 Nxd4 10. Nxd4 Qc7 11. Qe2 a6 12. Bg5 Be7 13. Rfe1 O-O {C07: French Tarrasch: 3...c5, 4 Ngf3 and 4 exd5 Qxd5} 14. Bb3 (14. Bd3 h6 15. Bh4 Bd7 16. c3 Rfd8 17. Rad1 Rac8 18. Bc2 Qb6 19. Qd3 Bb5 20. Qe3 Kf8 21. Nxb5 Qxb5 {½-½ (30) Roganovic,M (2527)-Meier,G (2639) Batumi 2018}) 14... Nd5 15. Qg4 $146 ({Predecessor:} 15. Bxe7 Nxe7 16. Rad1 Ng6 17. Qe4 Rb8 18. Rd3 b5 19. Rc3 Qb6 20. Rh3 Rb7 21. c3 {1-0 (54) Ioffe,I (2210)-Tokhirjonova,G (2390) Voronezh 2016}) 15... Bxg5 16. Qxg5 h6 17. Qg3 (17. Qh4 {looks sharper.} Bd7 18. Bxd5 exd5 19. Qh5 Qb6 20. Nb3) 17... Qxg3 18. hxg3 Rd8 19. Nf3 Nf6 20. Ne5 Bd7 21. Nxd7 Rxd7 22. Rad1 Rad8 23. Rxd7 Rxd7 $11 {[%mdl 4096] Endgame KRB-KRN} 24. Kf1 Kf8 25. c3 Ke7 {The position is equal.} 26. Rd1 Rc7 27. Rd4 h5 28. Bd1 g5 29. Ke1 a5 30. Kf1 b6 31. Ke1 g4 32. f3 Rc8 33. Kf2 e5 34. Rd2 Rc5 35. Bb3 Ne8 36. Rd5 Nd6 37. Rxc5 bxc5 38. Bd5 Kf6 39. Ke3 Kg5 40. b3 gxf3 {Accuracy: White = 58%, Black = 46%.} 1/2-1/2

[Event "94th FRA-ch 2019"]
[Site "Chartres"]
[Date "2019.08.20"]
[Round "4.3"]
[White "Edouard, Romain"]
[Black "Cornette, Matthieu"]
[Result "1/2-1/2"]
[WhiteElo "2650"]
[BlackElo "2555"]
[Annotator "TA"]
[PlyCount "45"]
[EventDate "2019.08.17"]
[EventType "tourn"]
[EventCountry "FRA"]
[SourceTitle "playchess.com"]
[Source "ChessBase"]
[SourceQuality "1"]

{[%evp 12,45,14,8,25,19,12,0,20,-9,-12,-52,-37,-43,0,2,4,6,16,15,4,0,14,30,45,57,53,24,71,66,115,77,64,53,52,39]} 1. d4 Nf6 2. Nf3 d5 3. e3 e6 4. Bd3 c5 5. b3 Nc6 6. Bb2 cxd4 7. exd4 g6 {D05: Colle System with ...e6} 8. O-O Bg7 9. Ba3 Ne4 {The position is equal.} (9... a6 10. Re1 b5 11. c3 Bb7 12. Qc1 Rc8 13. Qf4 Ne7 14. Ne5 O-O 15. Bc5 {0-1 (27) Dominguez Perez,L (2739)-Margvelashvili,G (2530) chess.com INT 2018}) 10. Bb5 $146 ({Predecessor:} 10. c3 f5 11. Qc2 Bd7 12. Qb2 Qb6 13. Nbd2 e5 14. dxe5 Nxe5 15. Nxe5 Bxe5 {0-1 (49) Vlasak,L (2330)-Jirovsky,M (2453) Czechia 2013}) 10... Bd7 11. c4 a6 12. Ba4 f5 13. cxd5 exd5 {[#] ...b5 is the strong threat.} 14. Bxc6 $1 Bxc6 15. Re1 Qa5 16. Bd6 O-O-O 17. Be5 Bxe5 18. Nxe5 {Hoping for Nf7.} Rhe8 19. a4 Rxe5 20. dxe5 Qb6 21. Rf1 d4 22. Nd2 d3 23. Nxe4 {Accuracy: White = 54%, Black = 58%.} 1/2-1/2

[Event "94th FRA-ch 2019"]
[Site "Chartres"]
[Date "2019.08.20"]
[Round "4.4"]
[White "Moussard, Jules"]
[Black "Feller, Sebastien"]
[Result "1/2-1/2"]
[WhiteElo "2595"]
[BlackElo "2577"]
[Annotator "ChessBase"]
[PlyCount "96"]
[EventDate "2019.08.17"]
[EventType "tourn"]
[EventCountry "FRA"]
[SourceTitle "playchess.com"]
[Source "ChessBase"]
[SourceQuality "1"]
[TimeControl "40/5400+30:1800+30"]

1. e4 {[%emt 0:00:00]} e5 {[%emt 0:12:31]} 2. Nf3 {[%emt 0:00:00]} Nc6 {[%emt 0:00:19]} 3. Bb5 {[%emt 0:00:00]} a6 {[%emt 0:01:12]} 4. Ba4 {[%emt 0:00:00]} Nf6 {[%emt 0:00:35]} 5. O-O {[%emt 0:00:02]} Be7 {[%emt 0:00:51]} 6. Re1 {[%emt 0:00:06]} b5 {[%emt 0:00:14]} 7. Bb3 {[%emt 0:00:04]} d6 {[%emt 0:00:19]} 8. c3 {[%emt 0:00:06]} O-O {[%emt 0:00:06]} 9. h3 {[%emt 0:00:01]} Nb8 {[%emt 0:12:05]} 10. d4 {[%emt 0:00:16]} Nbd7 {[%emt 0:00:06]} 11. Nbd2 {[%emt 0:00:06]} Bb7 {[%emt 0:00:08]} 12. Bc2 {[%emt 0:00:13]} Re8 {[%emt 0:00:04]} 13. Nf1 {[%emt 0:00:06]} Bf8 {[%emt 0:00:04]} 14. Ng3 {[%emt 0:00:06]} g6 {[%emt 0:00:47]} 15. a4 {[%emt 0:00:08]} c5 {[%emt 0:03:41]} 16. d5 {[%emt 0:00:07]} c4 {[%emt 0:00:13]} 17. Bg5 {[%emt 0:00:14]} Bg7 {[%emt 0:08:02]} 18. Qd2 {[%emt 0:03:42]} Nc5 {[%emt 0:36:16]} 19. Nh4 {[%emt 0:17:16]} Qe7 {[%emt 0:13:21]} 20. Re2 {[%emt 0:32:43]} Qf8 {[%emt 0:01:07]} 21. Rf1 {[%emt 0:00:22]} Nfd7 {[%emt 0:01:31]} 22. Ngf5 {[%emt 0:10:23]} gxf5 {[%emt 0:01:31]} 23. Nxf5 {[%emt 0:00:04]} Bc8 {[%emt 0:05:39]} 24. f4 {[%emt 0:01:59]} exf4 {[%emt 0:00:15]} 25. Qxf4 {[%emt 0:00:35]} f6 {[%emt 0:00:21]} 26. Bh4 {[%emt 0:03:49]} Re5 {[%emt 0:00:01]} 27. g4 {[%emt 0:07:56]} Rxf5 {[%emt 0:00:41]} 28. gxf5 {[%emt 0:00:06]} Ne5 {[%emt 0:01:06]} 29. Rg2 {[%emt 0:00:12]} Ra7 {[%emt 0:00:37]} 30. Kh1 {[%emt 0:00:08]} Kh8 {[%emt 0:00:37]} 31. Rfg1 {[%emt 0:00:04]} Rf7 {[%emt 0:00:22]} 32. axb5 {[%emt 0:04:09]} axb5 {[%emt 0:00:02]} 33. Ra1 {[%emt 0:01:03]} Bb7 {[%emt 0:00:04]} 34. Ra5 {[%emt 0:00:24]} Bh6 {[%emt 0:00:26]} 35. Qf1 {[%emt 0:00:52]} Qe8 {[%emt 0:00:47]} 36. Qe2 {[%emt 0:01:28]} Rf8 {[%emt 0:00:54]} 37. Ra7 {[%emt 0:05:32]} Bg7 {[%emt 0:00:03]} 38. Bd1 {[%emt 0:01:17]} Qb8 {[%emt 0:00:39]} 39. Ra5 {[%emt 0:00:08]} Qe8 {[%emt 0:00:24]} 40. Ra7 {[%emt 0:00:08]} Qe7 {[%emt 0:00:52]} 41. Bc2 {[%emt 0:33:26]} Ra8 {[%emt 0:23:16]} 42. Rxa8+ {[%emt 0:00:00]} Bxa8 {[%emt 0:08:51]} 43. Bf2 {[%emt 0:00:00]} Ned3 {[%emt 0:00:00]} 44. Bxc5 {[%emt 0:00:00]} Nxc5 {[%emt 0:00:00]} 45. Qg4 {[%emt 0:00:00]} Bb7 {[%emt 0:00:00]} 46. Rg1 {[%emt 0:00:00]} Qf8 {[%emt 0:00:00]} 47. h4 {[%emt 0:00:00]} Bh6 {[%emt 0:00:00]} 48. Qg3 {[%emt 0:00:00]} Bg7 {[%emt 0:00:00]} 1/2-1/2

[Event "94th FRA-ch 2019"]
[Site "Chartres"]
[Date "2019.08.20"]
[Round "4.5"]
[White "Favarel, Julien"]
[Black "Maze, Sebastien"]
[Result "0-1"]
[WhiteElo "2333"]
[BlackElo "2554"]
[Annotator "ChessBase"]
[PlyCount "100"]
[EventDate "2019.08.17"]
[EventType "tourn"]
[EventCountry "FRA"]
[SourceTitle "playchess.com"]
[Source "ChessBase"]
[SourceQuality "1"]
[TimeControl "40/5400+30:1800+30"]

1. e4 {[%emt 0:00:00]} c5 {[%emt 0:00:00]} 2. Nf3 {[%emt 0:00:00]} e6 {[%emt 0:00:00]} 3. d4 {[%emt 0:00:00]} cxd4 {[%emt 0:00:00]} 4. Nxd4 {[%emt 0:00:00]} a6 {[%emt 0:00:00]} 5. c4 {[%emt 0:00:27]} Nf6 {[%emt 0:00:00]} 6. Nc3 {[%emt 0:00:12]} Bb4 {[%emt 0:00:00]} 7. Qd3 {[%emt 0:00:47]} O-O {[%emt 0:00:09]} 8. e5 {[%emt 0:00:44]} Ne8 {[%emt 0:00:06]} 9. a3 {[%emt 0:04:27]} Bxc3+ {[%emt 0:05:50]} 10. Qxc3 {[%emt 0:00:42]} d6 {[%emt 0:00:04]} 11. exd6 {[%emt 0:06:50]} e5 {[%emt 0:02:12]} 12. Nc2 {[%emt 0:03:24]} Nxd6 {[%emt 0:02:15]} 13. Be2 {[%emt 0:04:44]} Nc6 {[%emt 0:00:51]} 14. O-O {[%emt 0:00:48]} Bf5 {[%emt 0:00:20]} 15. Bd3 {[%emt 0:11:25]} Ne4 {[%emt 0:13:34]} 16. Bxe4 {[%emt 0:00:38]} Bxe4 {[%emt 0:00:02]} 17. Be3 {[%emt 0:02:06]} Qd3 {[%emt 0:02:29]} 18. Nb4 {[%emt 0:08:18]} Qxc3 {[%emt 0:00:07]} 19. bxc3 {[%emt 0:00:03]} Na5 {[%emt 0:00:06]} 20. Rfe1 {[%emt 0:02:38]} Nxc4 {[%emt 0:11:22]} 21. Bc5 {[%emt 0:04:35]} Rfc8 {[%emt 0:00:07]} 22. Rxe4 {[%emt 0:00:05]} Rxc5 {[%emt 0:00:02]} 23. Nd3 {[%emt 0:00:26]} Rc7 {[%emt 0:00:14]} 24. Nxe5 {[%emt 0:00:20]} Nxe5 {[%emt 0:00:38]} 25. Rxe5 {[%emt 0:00:01]} Rxc3 {[%emt 0:00:06]} 26. g3 {[%emt 0:03:06]} Rac8 {[%emt 0:01:45]} 27. Kg2 {[%emt 0:00:52]} f6 {[%emt 0:00:38]} 28. Re7 {[%emt 0:01:46]} R8c7 {[%emt 0:00:09]} 29. Rxc7 {[%emt 0:07:33]} Rxc7 {[%emt 0:01:29]} 30. a4 {[%emt 0:00:12]} Kf7 {[%emt 0:02:22]} 31. Rb1 {[%emt 0:01:51]} Ke7 {[%emt 0:00:48]} 32. h4 {[%emt 0:00:59]} Kd7 {[%emt 0:00:26]} 33. h5 {[%emt 0:01:30]} Kc8 {[%emt 0:01:21]} 34. Rb4 {[%emt 0:00:27]} Rc5 {[%emt 0:01:12]} 35. h6 {[%emt 0:05:41]} gxh6 {[%emt 0:00:06]} 36. Rh4 {[%emt 0:00:22]} Ra5 {[%emt 0:15:03]} 37. Rxh6 {[%emt 0:01:16]} Rxa4 {[%emt 0:00:04]} 38. Rxf6 {[%emt 0:01:21]} Rd4 {[%emt 0:00:08]} 39. f4 {[%emt 0:01:15]} a5 {[%emt 0:00:21]} 40. Rh6 {[%emt 0:01:19]} Rd7 {[%emt 0:00:57]} 41. f5 {[%emt 0:30:35]} a4 {[%emt 0:36:13]} 42. Rh4 {[%emt 0:08:12]} b5 {[%emt 0:01:43]} 43. Rb4 {[%emt 0:00:04]} Rb7 {[%emt 0:00:53]} 44. f6 {[%emt 0:01:32]} Kd8 {[%emt 0:00:15]} 45. Rg4 {[%emt 0:00:42]} Rf7 {[%emt 0:02:30]} 46. Rb4 {[%emt 0:00:21]} Rxf6 {[%emt 0:00:23]} 47. Rxb5 {[%emt 0:00:02]} Ra6 {[%emt 0:00:06]} 48. Kf3 {[%emt 0:02:24]} a3 {[%emt 0:00:05]} 49. Rb1 {[%emt 0:00:13]} a2 {[%emt 0:00:04]} 50. Ra1 {[%emt 0:00:03]} Ke7 {[%emt 0:00:12]} 0-1